000 00306nam a22001337a 4500
008 170614b xxu||||| |||| 00| 0 eng d
020 _a0393609900093
041 _aeng
080 _a32
100 _a19
101 _aSHP
245 _aPRESERVING THE GLOBAL ENVIRONMENT
_cTUCHMAN.J
942 _2udc
_cBK
999 _c17243
_d17243